[Event "Gdansk op 12th "]
[Site "Gdansk"]
[Date "2010.07.23"]
[Round "8"]
[White "Kapica, Pawel"]
[Black "Kotlowska, Anna"]
[Result "1-0"]
[WhiteElo "1869"]
[BlackElo "1619"]
[PlyCount "73"]
[EventDate "2010.07.17"]
[EventType "swiss"]
[EventRounds "9"]
[EventCountry "POL"]
[SourceTitle "EXT 2011"]
[Source "ChessBase"]
[SourceDate "2010.11.26"]
[SourceVersion "1"]
[SourceVersionDate "2010.11.26"]
[SourceQuality "1"]

1. d4 d5 2. c4 c6 3. e3 Bf5 4. Nf3 e6 5. Be2 Bxb1 6. Rxb1 Qa5+ 7. Bd2 Bb4 8. a3 Bxd2+ 9. Nxd2 Nd7 10. 0-0 dxc4 11. Nxc4 Qc7 12. Qb3 Ngf6 13. Qxb7 Qxb7 14. Nd6+ Ke7 15. Nxb7 Ne4 16. Rfd1 a5 17. f3 Ra7 18. Nxa5 Rxa5 19. fxe4 Rb8 20. Rdc1 Rb6 21. e5 f6 22. exf6+ Nxf6 23. Bf3 Nd5 24. Bxd5 exd5 25. Kf2 Kf6 26. Rc3 Kf5 27. Kf3 Ra7 28. b4 g5 29. h3 h5 30. g4+ hxg4+ 31. hxg4+ Kf6 32. Rh1 Rba6 33. Rh6+ Kg7 34. Rd6 Kf7 35. e4 dxe4+ 36. Kxe4 Kg7 37. Kf5 1-0

[Event "Ketrzyn op-A 12th"]
[Site "Ketrzyn"]
[Date "2009.12.30"]
[Round "8"]
[White "Kapica, Pawel"]
[Black "Kaczmarek, Arkadiusz"]
[Result "0-1"]
[WhiteElo "1833"]
[BlackElo "2019"]
[PlyCount "100"]
[EventDate "2009.12.27"]
[EventType "swiss"]
[EventRounds "9"]
[EventCountry "POL"]
[SourceTitle "CBM 134 Extra"]
[Source "ChessBase"]
[SourceDate "2010.03.03"]
[SourceVersion "1"]
[SourceVersionDate "2010.03.03"]
[SourceQuality "1"]

1. d4 d5 2. c4 c6 3. Nf3 Nf6 4. e3 Bf5 5. Be2 e6 6. 0-0 Nbd7 7. Nc3 Bd6 8. Bd2 h6 9. Rc1 0-0 10. a3 a6 11. Re1 Qe7 12. b4 e5 13. dxe5 Nxe5 14. cxd5 cxd5 15. Qb3 Rad8 16. Nxd5 Nxd5 17. Qxd5 Nxf3+ 18. Qxf3 Be4 19. Qh5 Bxh2+ 20. Kxh2 Rxd2 21. Qc5 Qh4+ 22. Kg1 Rd5 23. Qc7 Bxg2 24. Qh2 Qxh2+ 25. Kxh2 Be4 26. Rc4 Bd3 27. Rc7 Bxe2 28. Rxe2 Rb8 29. Kg3 Kf8 30. Kf4 Ke8 31. Rec2 Rd7 32. a4 Rbd8 33. b5 axb5 34. axb5 Rxc7 35. Rxc7 Rd7 36. Rc5 Ke7 37. Ke5 g6 38. f4 f6+ 39. Ke4 Kd6 40. Rc8 f5+ 41. Kd4 Ke6+ 42. Kc5 Kf7 43. Kb6 g5 44. fxg5 hxg5 45. Rc1 Re7 46. Ka7 Ke6 47. b6 g4 48. Rc7 g3 49. Rc1 g2 50. Rg1 Rg7 0-1

[Event "Ketrzyn op-A 12th"]
[Site "Ketrzyn"]
[Date "2009.12.29"]
[Round "7"]
[White "Usakovas, Jevgenijus"]
[Black "Kapica, Pawel"]
[Result "1/2-1/2"]
[WhiteElo "2139"]
[BlackElo "1833"]
[PlyCount "52"]
[EventDate "2009.12.27"]
[EventType "swiss"]
[EventRounds "9"]
[EventCountry "POL"]
[SourceTitle "CBM 134 Extra"]
[Source "ChessBase"]
[SourceDate "2010.03.03"]
[SourceVersion "1"]
[SourceVersionDate "2010.03.03"]
[SourceQuality "1"]

1. d4 Nf6 2. Nf3 g6 3. c4 Bg7 4. g3 0-0 5. Bg2 c6 6. Nc3 d5 7. Qb3 Ne4 8. cxd5 Nxc3 9. bxc3 cxd5 10. Ba3 Nc6 11. Nd2 Be6 12. 0-0 b6 13. Rac1 Rc8 14. Rfe1 Re8 15. e3 Rc7 16. Qb5 Na5 17. Bf1 Qc8 18. Bb4 Nb7 19. c4 dxc4 20. Nxc4 Bd7 21. Qd5 e6 22. Qf3 b5 23. Bd6 Rc6 24. Ne5 Bxe5 25. Bxe5 Rxc1 26. Qf6 Kf8 1/2-1/2

[Event "Ketrzyn op-A 12th"]
[Site "Ketrzyn"]
[Date "2009.12.28"]
[Round "4"]
[White "Kapica, Pawel"]
[Black "Vaitonis, Vytautas"]
[Result "1/2-1/2"]
[WhiteElo "1833"]
[BlackElo "2051"]
[PlyCount "71"]
[EventDate "2009.12.27"]
[EventType "swiss"]
[EventRounds "9"]
[EventCountry "POL"]
[SourceTitle "CBM 134 Extra"]
[Source "ChessBase"]
[SourceDate "2010.03.03"]
[SourceVersion "1"]
[SourceVersionDate "2010.03.03"]
[SourceQuality "1"]

1. d4 Nf6 2. c4 g6 3. Nc3 Bg7 4. e4 d6 5. Nf3 0-0 6. Be2 Na6 7. 0-0 e5 8. Be3 Ng4 9. Bg5 f6 10. Bh4 g5 11. Bg3 Nh6 12. dxe5 fxe5 13. Rc1 Nf7 14. Ne1 Nc5 15. Bg4 c6 16. Bxc8 Rxc8 17. Nc2 Ne6 18. f3 h5 19. Bf2 Ra8 20. b4 Qe7 21. Ne3 Nh6 22. Qd2 Nd4 23. Ne2 a6 24. c5 Rad8 25. Qb2 d5 26. exd5 Nxe2+ 27. Qxe2 cxd5 28. Rfd1 Qf7 29. c6 d4 30. Nc4 g4 31. Nxe5 Bxe5 32. Qxe5 gxf3 33. Bxd4 f2+ 34. Kf1 Rxd4 35. Qg5+ Kh7 36. Rxd4 1/2-1/2

[Event "Ostroda op 6th"]
[Site "Ostroda"]
[Date "2009.08.07"]
[Round "1"]
[White "Kapica, Pawel"]
[Black "Moszczenski, Milosz"]
[Result "0-1"]
[WhiteElo "1869"]
[BlackElo "1445"]
[PlyCount "74"]
[EventDate "2009.08.07"]
[EventType "swiss"]
[EventRounds "9"]
[EventCountry "POL"]
[SourceTitle "EXT 2011"]
[Source "ChessBase"]
[SourceDate "2010.11.26"]
[SourceVersion "1"]
[SourceVersionDate "2010.11.26"]
[SourceQuality "1"]

1. d4 e6 2. c4 Nf6 3. Nc3 d5 4. cxd5 exd5 5. Bg5 Be7 6. e3 c6 7. Bd3 Nbd7 8. Nge2 0-0 9. Qc2 a5 10. 0-0 h6 11. Bh4 Ne8 12. Bg3 Bd6 13. f3 Ndf6 14. Rae1 b5 15. Bxd6 Nxd6 16. e4 dxe4 17. fxe4 Ng4 18. Nd1 Qb6 19. h3 Ne5 20. Ne3 Re8 21. dxe5 Qxe3+ 22. Kh1 Rxe5 23. Qxc6 Ra6 24. Qc3 Rc5 25. Nd4 Qg5 26. Qb3 Qe5 27. Nf3 Qg3 28. e5 Nc4 29. Bb1 Be6 30. Qd3 g6 31. Qd8+ Kh7 32. Nd4 Rd5 33. Qe7 Rd7 34. Qe8 Nxe5 35. Nxe6 Rxe6 36. Qf8 Nf3 37. gxf3 Rxe1 0-1

[Event "Chelmza op-A"]
[Site "Chelmza"]
[Date "2009.06.25"]
[Round "8"]
[White "Kapica, Pawel"]
[Black "Gajek, Radoslaw"]
[Result "0-1"]
[WhiteElo "1869"]
[BlackElo "1785"]
[PlyCount "68"]
[EventDate "2009.06.20"]
[EventType "swiss"]
[EventRounds "9"]
[EventCountry "POL"]
[SourceTitle "EXT 2012"]
[Source "ChessBase"]
[SourceDate "2011.11.24"]
[SourceVersion "1"]
[SourceVersionDate "2011.11.24"]
[SourceQuality "1"]

1. d4 g6 2. c4 Bg7 3. Nc3 Nf6 4. e4 d6 5. Nf3 0-0 6. Be2 e5 7. Be3 Nc6 8. 0-0 h6 9. d5 Ne7 10. c5 Ne8 11. Nd2 f5 12. f3 b6 13. b4 g5 14. a4 f4 15. Bf2 h5 16. a5 bxc5 17. bxc5 Nf6 18. Nb5 a6 19. cxd6 Nexd5 20. Nxc7 Nxc7 21. dxc7 Qxc7 22. Qb3+ Kh8 23. Bc4 g4 24. Be6 Bxe6 25. Qxe6 Qc3 26. Qa2 gxf3 27. gxf3 Rad8 28. Rfd1 Rxd2 29. Rxd2 Qxf3 30. Qa3 Qxe4 31. Re1 Qg6+ 32. Kh1 Ne4 33. Rde2 f3 34. Rg1 fxe2 0-1

[Event "Chelmza op-A"]
[Site "Chelmza"]
[Date "2009.06.24"]
[Round "6"]
[White "Kowal, Mieczyslaw"]
[Black "Kapica, Pawel"]
[Result "0-1"]
[WhiteElo "1826"]
[BlackElo "1869"]
[PlyCount "110"]
[EventDate "2009.06.20"]
[EventType "swiss"]
[EventRounds "9"]
[EventCountry "POL"]
[SourceTitle "EXT 2012"]
[Source "ChessBase"]
[SourceDate "2011.11.24"]
[SourceVersion "1"]
[SourceVersionDate "2011.11.24"]
[SourceQuality "1"]

1. e4 c5 2. Nf3 d6 3. d4 cxd4 4. Nxd4 Nf6 5. Nc3 a6 6. Be2 e6 7. Be3 b5 8. a3 Bb7 9. f3 Nbd7 10. 0-0 Be7 11. Qd2 Nb6 12. Rad1 Nfd7 13. Nb3 Ne5 14. Na5 Qc7 15. Bxb5+ axb5 16. Nxb5 Qd7 17. Nxd6+ Bxd6 18. Bxb6 Bc5+ 19. Bxc5 Qxd2 20. Rxd2 Rxa5 21. Bb4 Ra7 22. Rfd1 Nc6 23. e5 Bc8 24. f4 Rd7 25. Bd6 Na5 26. b3 Ba6 27. Bb4 Rxd2 28. Rxd2 Nc6 29. Bc5 Nb8 30. a4 Nd7 31. Ba3 Kd8 32. b4 Kc7 33. b5 Bb7 34. a5 Ra8 35. b6+ Kc8 36. Bb4 Nb8 37. Rd4 Nc6 38. Rc4 Kd7 39. c3 Rc8 40. Bd6 Nxa5 41. Ra4 Ra8 42. c4 Kc6 43. Kf2 Kxb6 44. c5+ Kb5 45. Ra3 Ra6 46. g4 Bd5 47. h4 Nb7 48. Rc3 Kc6 49. f5 Ra5 50. fxe6 Bxe6 51. Bf8 g6 52. g5 Ra4 53. h5 gxh5 54. Be7 h4 55. g6 hxg6 0-1

[Event "POL-ch U18"]
[Site "Chotowa"]
[Date "2009.03.31"]
[Round "5"]
[White "Kapica, Pawel"]
[Black "Markowski, Piotr"]
[Result "0-1"]
[WhiteElo "1866"]
[BlackElo "2149"]
[PlyCount "44"]
[EventDate "2009.03.28"]
[EventType "swiss"]
[EventRounds "11"]
[EventCountry "POL"]
[SourceTitle "EXT 2011"]
[Source "ChessBase"]
[SourceDate "2010.11.26"]
[SourceVersion "1"]
[SourceVersionDate "2010.11.26"]
[SourceQuality "1"]

1. d4 Nf6 2. c4 e6 3. Nc3 Bb4 4. Qc2 0-0 5. e3 b6 6. Bd3 d5 7. cxd5 exd5 8. Nf3 c5 9. 0-0 c4 10. Be2 Nc6 11. a4 Re8 12. b3 Bxc3 13. Qxc3 Ne4 14. Qe1 c3 15. Bb5 Nb4 16. Bxe8 Qxe8 17. Qd1 Ba6 18. Ne1 Rc8 19. Ba3 c2 20. Qh5 g6 21. Qh4 Bxf1 22. Kxf1 Nd2+ 0-1

[Event "POL-ch U18"]
[Site "Chotowa"]
[Date "2009.03.30"]
[Round "3"]
[White "Kapica, Pawel"]
[Black "Buzun, Michal"]
[Result "1-0"]
[WhiteElo "1866"]
[BlackElo "1924"]
[PlyCount "33"]
[EventDate "2009.03.28"]
[EventType "swiss"]
[EventRounds "11"]
[EventCountry "POL"]
[SourceTitle "EXT 2011"]
[Source "ChessBase"]
[SourceDate "2010.11.26"]
[SourceVersion "1"]
[SourceVersionDate "2010.11.26"]
[SourceQuality "1"]

1. d4 a6 2. Nf3 b5 3. Bf4 Bb7 4. e3 e6 5. c4 bxc4 6. Bxc4 Nf6 7. 0-0 c5 8. Nc3 cxd4 9. exd4 d6 10. d5 e5 11. Qb3 Qc7 12. Nxe5 dxe5 13. Bxe5 Qc8 14. Rfe1 Kd7 15. Qa4+ Kd8 16. Bxf6+ gxf6 17. Re8+ 1-0

[Event "POL-ch U18"]
[Site "Chotowa"]
[Date "2009.03.28"]
[Round "1"]
[White "Kapica, Pawel"]
[Black "Sabuk, Piotr"]
[Result "1/2-1/2"]
[WhiteElo "1866"]
[BlackElo "2107"]
[PlyCount "127"]
[EventDate "2009.03.28"]
[EventType "swiss"]
[EventRounds "11"]
[EventCountry "POL"]
[SourceTitle "EXT 2011"]
[Source "ChessBase"]
[SourceDate "2010.11.26"]
[SourceVersion "1"]
[SourceVersionDate "2010.11.26"]
[SourceQuality "1"]

1. d4 Nf6 2. c4 g6 3. Nc3 Bg7 4. e4 d6 5. Nf3 0-0 6. Be2 c5 7. d5 b5 8. cxb5 a6 9. b6 Nbd7 10. 0-0 Nxb6 11. Ne1 Re8 12. Nc2 Qc7 13. Rb1 Bb7 14. Bf4 Rad8 15. Ne3 h6 16. Qd2 e6 17. Bf3 e5 18. Bg3 Kh7 19. b4 Nfd7 20. Rb2 Rb8 21. Rfb1 Bc8 22. bxc5 Nxc5 23. a4 Bd7 24. a5 Nba4 25. Nxa4 Nxa4 26. Rb3 Rxb3 27. Rxb3 Nc5 28. Rb6 Bb5 29. Qc2 Rc8 30. h3 Bf6 31. Be2 Nd7 32. Qxc7 Rxc7 33. Bxb5 axb5 34. Rxb5 Bd8 35. f3 Rc1+ 36. Kf2 Nc5 37. Ke2 f6 38. Be1 Kg7 39. Bd2 Ra1 40. Nc4 Bc7 41. Bb4 Rb1 42. Kd2 Na6 43. Kc3 Kf7 44. Na3 Rxb4 45. Rxb4 Bxa5 46. Nc2 Ke7 47. Kc4 Bxb4 48. Nxb4 Nc5 49. Nd3 Nb7 50. Kb5 Kd7 51. Kb6 Nd8 52. Nb4 f5 53. Nc6 Nf7 54. h4 g5 55. hxg5 Nxg5 56. exf5 h5 57. Na5 h4 58. Nc4 Nxf3 59. f6 Ng5 60. Nd2 e4 61. Nf1 Nf7 62. Kb5 Ne5 63. Ne3 Nd3 64. Nf5 1/2-1/2

[Event "Rowy op-A 17th"]
[Site "Rowy"]
[Date "2008.06.21"]
[Round "8.23"]
[White "Hodowany, Wojciech"]
[Black "Kapica, Pawel"]
[Result "1-0"]
[WhiteElo "1907"]
[BlackElo "1818"]
[PlyCount "24"]
[EventDate "2008.06.14"]
[EventType "swiss"]
[EventRounds "9"]
[EventCountry "POL"]
[SourceTitle "EXT 2023"]
[Source "ChessBase"]
[SourceDate "2022.10.05"]
[SourceVersion "1"]
[SourceVersionDate "2022.10.05"]
[SourceQuality "1"]

1. d4 Nf6 2. c4 g6 3. Nc3 d5 4. Bg5 Ne4 5. Bf4 Bg7 6. Nxd5 Nc6 7. e3 e5 8. dxe5 Nxe5 9. Nf3 Ng4 10. Nd4 Kf8 11. Qa4 Ngxf2 12. Qb4+ Ke8 1-0

[Event "Rowy op-A 17th"]
[Site "Rowy"]
[Date "2008.06.20"]
[Round "7.29"]
[White "Kapica, Pawel"]
[Black "Sklepinski, Artur"]
[Result "1-0"]
[WhiteElo "1818"]
[BlackElo "1877"]
[PlyCount "43"]
[EventDate "2008.06.14"]
[EventType "swiss"]
[EventRounds "9"]
[EventCountry "POL"]
[SourceTitle "EXT 2023"]
[Source "ChessBase"]
[SourceDate "2022.10.05"]
[SourceVersion "1"]
[SourceVersionDate "2022.10.05"]
[SourceQuality "1"]

1. d4 Nf6 2. Nf3 g6 3. c4 Bg7 4. Nc3 0-0 5. e4 d6 6. Bd3 Nc6 7. 0-0 Nh5 8. d5 Ne5 9. Nxe5 Bxe5 10. Be2 Nf4 11. Bf3 f5 12. g3 Nh3+ 13. Kg2 f4 14. Bg4 f3+ 15. Bxf3 Qd7 16. Bh6 Nxf2 17. Kxf2 Qh3 18. Bxf8 Qxh2+ 19. Ke3 Kxf8 20. Bg4+ Kg7 21. Bxc8 Qxg3+ 22. Qf3 1-0

[Event "Polanica Zdroj op-B 43rd"]
[Site "Polanica Zdroj"]
[Date "2007.08.24"]
[Round "7"]
[White "Kapica, Pawel"]
[Black "Piechocki, Bronislaw"]
[Result "1-0"]
[WhiteElo "1765"]
[BlackElo "831"]
[PlyCount "115"]
[EventDate "2007.08.17"]
[EventType "swiss"]
[EventRounds "10"]
[EventCountry "POL"]
[SourceTitle "CBM 120 Extra"]
[Source "ChessBase"]
[SourceDate "2007.11.01"]
[SourceVersion "1"]
[SourceVersionDate "2007.11.01"]
[SourceQuality "1"]

1. d4 Nf6 2. Nf3 g6 3. c4 Bg7 4. Nc3 0-0 5. e4 d6 6. Be2 c5 7. 0-0 cxd4 8. Nxd4 Nc6 9. Be3 Nxd4 10. Bxd4 b6 11. f4 a6 12. Nd5 Nxd5 13. exd5 Bxd4+ 14. Qxd4 Qc7 15. Bd3 Qc5 16. Qxc5 bxc5 17. f5 Rb8 18. b3 a5 19. fxg6 hxg6 20. Rfe1 e6 21. dxe6 Bxe6 22. Be4 a4 23. Bc2 axb3 24. Bxb3 Rb4 25. Rac1 Kg7 26. Red1 Rd8 27. Rc3 Kf8 28. a4 Ke7 29. a5 Ra8 30. Ra1 Ra6 31. Kf2 Kd7 32. Ba4+ Kc7 33. Bb5 Ra7 34. h4 d5 35. cxd5 Rxb5 36. dxe6 fxe6 37. Rg3 Rbxa5 38. Rxa5 Rxa5 39. Rxg6 Kd6 40. h5 Ra7 41. Ke3 Rc7 42. h6 Rh7 43. g4 Ke7 44. g5 Kf7 45. Rf6+ Ke7 46. Ke4 Rh8 47. Ke5 c4 48. Rxe6+ Kd7 49. Rd6+ Ke7 50. Ra6 Rc8 51. Ra7+ Kf8 52. h7 Re8+ 53. Kf5 Re7 54. h8Q+ Kf7 55. Qf6+ Kg8 56. Ra8+ Re8 57. Qg6+ Kf8 58. Rxe8# 1-0

[Event "Polanica Zdroj op-B 43rd"]
[Site "Polanica Zdroj"]
[Date "2007.08.24"]
[Round "8"]
[White "Ulanowski, Karol"]
[Black "Kapica, Pawel"]
[Result "1-0"]
[WhiteElo "1758"]
[BlackElo "1765"]
[PlyCount "55"]
[EventDate "2007.08.17"]
[EventType "swiss"]
[EventRounds "10"]
[EventCountry "POL"]
[SourceTitle "CBM 120 Extra"]
[Source "ChessBase"]
[SourceDate "2007.11.01"]
[SourceVersion "1"]
[SourceVersionDate "2007.11.01"]
[SourceQuality "1"]

1. e4 c5 2. Nf3 d6 3. d4 cxd4 4. Nxd4 Nf6 5. Nc3 a6 6. f3 e6 7. Be3 Be7 8. Qd2 b5 9. g4 Nbd7 10. 0-0-0 Bb7 11. h4 Nb6 12. Qf2 Nbd7 13. Bd3 d5 14. Kb1 e5 15. Nf5 Bf8 16. exd5 Nxd5 17. Nxd5 Bxd5 18. Rhe1 g6 19. Nh6 Qa5 20. b3 0-0-0 21. Bg5 f6 22. Be3 Bb4 23. Bd2 Bxd2 24. Rxd2 Qb4 25. Red1 Be6 26. Be4 Qc5 27. Bb7+ Kc7 28. Rxd7+ 1-0